000 00413nam a2200169Ia 4500
008 230917s9999||||xx |||||||||||||| ||und||
020 _cRS56.87
040 _e10137
_aMAIN
041 _aEnglish
082 _a658.4 H529M
100 _aHicks, Herbert G
245 0 _aManagement of organizations
250 _a3rd ed.
260 _aTokyo
_bMcGraw-Hill Kogakusha
_c1976
300 _axxi, 602 p.
942 _cBK
999 _c177818
_d177818